Assam municipal act 1956 Assam act no.xv of 1957 (Record no. 415593)

000 -LEADER
fixed length control field 00354cam a22001097a 4500
008 - FIXED-LENGTH DATA ELEMENTS--GENERAL INFORMATION
fixed length control field 180718b1969 xxu||||| |||| 00| 0 eng d
082 ## - DEWEY DECIMAL CLASSIFICATION NUMBER
Classification number B7303x5411 As13 c.3
245 ## - TITLE STATEMENT
Title Assam municipal act 1956 Assam act no.xv of 1957
260 ## - PUBLICATION, DISTRIBUTION, ETC.
Place of publication, distribution, etc. Shillong
Name of publisher, distributor, etc. Assam Government Press
Date of publication, distribution, etc. 1969
300 ## - PHYSICAL DESCRIPTION
Extent 153p
650 ## - SUBJECT ADDED ENTRY--TOPICAL TERM
Topical term or geographic name entry element Municiapl government - India - Assam - Legislation.
Holdings
Withdrawn status Lost status Damaged status Not for loan Permanent Location Current Location Date acquired Full call number Barcode Date last seen Price effective from Koha item type
        Indian Institute of Public Administration Indian Institute of Public Administration 2009-03-05 B7303x5411 As13 c.3 D723 2018-07-21 2018-07-21 D
        Indian Institute of Public Administration Indian Institute of Public Administration 2009-03-05 B7303x5411 As13 c.3 D722 2018-07-21 2018-07-21 D

Powered by Koha